[Event "1800 - 2299 Rated Tournament 2"]
[Site "SchemingMind.com"]
[Date "2022.07.23"]
[Round "-"]
[White "The Stonewall"]
[Black "Uzi Mike"]
[Result "1-0"]
[WhiteCountry "ENG"]
[BlackCountry "USA"]
[WhiteElo "2305"]
[WhiteRD "68"]
[BlackElo "2086"]
[BlackRD "98"]
[GameID "725392"]

1. e4 c5 2. Nc3 Nc6 3. Bb5 d6 4. Bxc6+ bxc6 5. f4 g6 6. d3 Bg7 7. Nf3 Nf6 8. O-O O-O 9. Qe1 Rb8 10. b3 Bd7
11. Bd2 Bg4 12. Qh4 Bxf3 13. Rxf3 Nd7 14. Rh3 h6 15. Rf1 e6 16. Qe1 f5 17. e5 dxe5 18. fxe5 h5 19. Na4 Bxe5 20. Bf4 Bxf4
21. Qxe6+ Kg7 22. Rxf4 Qc7 23. Rg3 Nf6 24. Rf1 Rbe8 25. Nxc5 Ng4 26. Qd7+ Qxd7 27. Nxd7 Rf7 28. Nc5 Rfe7 29. h3 Ne3 30. Rf2 Nd1
31. Rf1 Nc3 32. Rgf3 Ne2+ 33. Kh2 h4 34. d4 Nxd4 35. Rf4 Nxc2 36. Rxh4 Re5 37. Nd3 Rd5 38. Rc1 Ne3 39. Ne1 Rd2 40. Ra4 Re7
41. Ra6 c5 42. Ra4
1-0

[Event "1800 - 2299 Rated Tournament 2"]
[Site "SchemingMind.com"]
[Date "2022.07.23"]
[Round "-"]
[White "Uzi Mike"]
[Black "The Stonewall"]
[Result "0-1"]
[WhiteCountry "USA"]
[BlackCountry "ENG"]
[WhiteElo "2143"]
[WhiteRD "97"]
[BlackElo "2317"]
[BlackRD "68"]
[GameID "725393"]

1. e4 c5 2. c3 Nf6 3. e5 Nd5 4. Nf3 Nc6 5. d4 cxd4 6. cxd4 d6 7. Bc4 Nb6 8. Bb5 Bd7 9. Nc3 dxe5 10. dxe5 g6
11. Qe2 Bg7 12. O-O O-O 13. Bf4 a6 14. Bxc6 Bxc6 15. Rfd1 Nd5 16. Nxd5 Bxd5 17. Qe3 e6 18. Bh6 Bxh6 19. Qxh6 f5 20. Ne1 Rc8
21. Rd4 Rc4 22. Rxc4 Bxc4 23. h4 Qd7 24. b3 Bd5 25. Rd1 Rc8 26. Qg5 Kf8 27. Nd3 Be4 28. Nb2 Qe7
0-1

[Event "1800 - 2299 Rated Tournament 2"]
[Site "SchemingMind.com"]
[Date "2022.07.25"]
[Round "-"]
[White "The Stonewall"]
[Black "Robert Hatfield"]
[Result "1-0"]
[WhiteCountry "ENG"]
[BlackCountry "USA"]
[WhiteElo "2328"]
[WhiteRD "75"]
[BlackElo "1777"]
[BlackRD "64"]
[GameID "725489"]

1. Nf3 Nf6 2. c4 e6 3. g3 d5 4. Bg2 Be7 5. O-O O-O 6. b3 c5 7. Bb2 d4 8. e3 Nc6 9. exd4 cxd4 10. Re1 Ne8
11. Ne5 Nxe5 12. Rxe5 f6 13. Re1 e5 14. Ba3 Nc7 15. Bxe7 Qxe7 16. f4 Rb8 17. fxe5 fxe5 18. Qe2 Qf6 19. Rf1 Qe7 20. Rxf8+ Kxf8
21. d3 Bd7 22. Bxb7 Bg4 23. Qxg4 Rxb7 24. Qf3+
1-0

[Event "1800 - 2299 Rated Tournament 2"]
[Site "SchemingMind.com"]
[Date "2022.07.25"]
[Round "-"]
[White "Robert Hatfield"]
[Black "The Stonewall"]
[Result "0-1"]
[WhiteCountry "USA"]
[BlackCountry "ENG"]
[WhiteElo "1777"]
[WhiteRD "64"]
[BlackElo "2328"]
[BlackRD "75"]
[GameID "725490"]

1. c4 Nf6 2. Nc3 g6 3. e4 Bg7 4. d4 d6 5. f3 O-O 6. Be3 c5 7. Nge2 Nc6 8. d5 Ne5 9. Ng3 h5 10. Be2 h4
11. Nf1 e6 12. f4 Nxc4 13. Bxc4 b5 14. Bxb5 exd5 15. exd5 Rb8 16. Qa4 Ng4 17. O-O-O Qb6 18. Kb1 a6 19. Ka1 axb5 20. Qc2 b4
21. Ne4 b3 22. Qxb3 Qxb3 23. axb3 Bf5 24. Nc3 Bxc3 25. bxc3 Rxb3
0-1

[Event "1800 - 2299 Rated Tournament 2"]
[Site "SchemingMind.com"]
[Date "2022.07.29"]
[Round "-"]
[White "Uzi Mike"]
[Black "Robert Hatfield"]
[Result "1-0"]
[WhiteCountry "USA"]
[BlackCountry "USA"]
[WhiteElo "2217"]
[WhiteRD "110"]
[BlackElo "1783"]
[BlackRD "65"]
[GameID "725491"]

1. d4 Nf6 2. c4 e6 3. Nc3 Bb4 4. Nf3 O-O 5. Bg5 c5 6. e3 h6 7. Bh4 Qa5 8. Qc2 Ne4 9. Rc1 d5 10. Bd3 Nc6
11. O-O cxd4 12. exd4 Nxc3 13. bxc3 Bd6 14. Bg3 Bxg3 15. fxg3 Bd7 16. Rb1 dxc4 17. Bh7+ Kh8 18. Rxb7 Bc8 19. Rbb1 Ba6 20. Be4 Rac8
21. Bxc6 Rxc6 22. Ne5 Rb6 23. Nxf7+
1-0

[Event "1800 - 2299 Rated Tournament 2"]
[Site "SchemingMind.com"]
[Date "2022.07.29"]
[Round "-"]
[White "Robert Hatfield"]
[Black "Uzi Mike"]
[Result "0-1"]
[WhiteCountry "USA"]
[BlackCountry "USA"]
[WhiteElo "1783"]
[WhiteRD "65"]
[BlackElo "2217"]
[BlackRD "110"]
[GameID "725492"]

1. c4 e5 2. Nc3 Bb4 3. Qc2 Bxc3 4. Qxc3 d6 5. g3 c5 6. Bg2 Nf6 7. e3 O-O 8. Ne2 Re8 9. O-O Nc6 10. h3 Be6
11. Kh2 d5 12. cxd5 Bxd5 13. Qxc5 Rc8 14. Qa3 Bc4 15. Re1 a5 16. b3 Bxe2 17. Rxe2 Nb4 18. d3 Rc2 19. Qxb4 Rxc1
0-1

[Event "1800 - 2299 Rated Tournament 2"]
[Site "SchemingMind.com"]
[Date "2022.07.30"]
[Round "-"]
[White "The Stonewall"]
[Black "Transcendent"]
[Result "1/2-1/2"]
[WhiteCountry "ENG"]
[BlackCountry "ENG"]
[WhiteElo "2311"]
[WhiteRD "70"]
[BlackElo "2119"]
[BlackRD "74"]
[GameID "725497"]

1. Nf3 d5 2. g3 Nd7 3. d4 Nb6 4. Nc3 Nf6 5. Bg2 g6 6. O-O Bg7 7. Re1 O-O 8. Bg5 Ne4 9. Nxe4 dxe4 10. Nd2 h6
11. Be3 f5 12. c3 Nd5 13. Nf1 e5 14. Qb3 Kh7 15. dxe5 Be6 16. Bc5 Re8 17. Qxb7 Rb8 18. Qa6 Rxb2 19. Qa3 Rc2 20. Bd4 Qd7
21. Rac1 Rxc1 22. Rxc1 Nb6 23. f4 exf3 24. exf3 Nc4 25. Qc5 Nb2 26. Qxa7 Bd5 27. e6 Rxe6 28. Ne3 Bc6 29. Bxg7 Qxg7 30. Qd4 Rd6=
31. Qxg7+ Kxg7 32. Rc2 Na4 33. c4 Nc5 34. f4 Bxg2 35. Kxg2 Rd3 36. Nd5 Ne6 37. Kf2 Kf7 38. Ke2 Ra3 39. Kd2 Nd4 40. Rb2 c6
41. Nb4 Ke6= 42. Nd3 g5 43. Nc5+ Kf6 44. Nb3 Ne6 45. Ke3 Ra4 46. fxg5+ hxg5 47. Kd3 Ra3 48. Kc3 f4 49. gxf4 gxf4 50. h4 Kg6
51. Re2 Kf5 52. Rh2 Kg4 53. Re2 Nc5 54. Kb2 f3 55. Rc2 f2 56. Rxf2 Rxb3+ 57. axb3=
1/2-1/2

[Event "1800 - 2299 Rated Tournament 2"]
[Site "SchemingMind.com"]
[Date "2022.07.30"]
[Round "-"]
[White "Transcendent"]
[Black "The Stonewall"]
[Result "1/2-1/2"]
[WhiteCountry "ENG"]
[BlackCountry "ENG"]
[WhiteElo "2178"]
[WhiteRD "68"]
[BlackElo "2317"]
[BlackRD "68"]
[GameID "725498"]

1. d4 Nf6 2. c4 g6 3. g3 Bg7 4. Bg2 O-O 5. Nc3 d6 6. Nf3 c5 7. d5 e6 8. O-O Re8 9. Nd2 exd5 10. cxd5 a6
11. a4 Nbd7 12. h3 Rb8 13. Nc4 Ne5 14. Na3 Nh5 15. e4 Bd7 16. a5 Qxa5 17. g4 Nf6 18. f4 Nfxg4 19. hxg4 Nxg4 20. f5 Bd4+
21. Kh1 Nf2+ 22. Rxf2 Bxf2 23. Bg5 Bd4 24. Nc4 Qb4 25. Nxd6 Qxb2 26. Rc1 Bxc3 27. fxg6 fxg6 28. Qf3 Rf8 29. Qxc3 Qxc3 30. Rxc3 b5
31. e5 b4 32. Rxc5 b3 33. e6 b2 34. Be4 b1=Q+ 35. Bxb1 Rxb1+ 36. Kg2 Rb2+ 37. Kg3=
1/2-1/2

[Event "1800 - 2299 Rated Tournament 2"]
[Site "SchemingMind.com"]
[Date "2022.07.30"]
[Round "-"]
[White "Uzi Mike"]
[Black "Transcendent"]
[Result "1/2-1/2"]
[WhiteCountry "USA"]
[BlackCountry "ENG"]
[WhiteElo "2143"]
[WhiteRD "97"]
[BlackElo "2178"]
[BlackRD "68"]
[GameID "725499"]

1. d4 d5 2. c4 c6 3. Nc3 Nf6 4. e3 e6 5. b3 Bb4 6. Bd2 O-O 7. Nf3 Nbd7 8. Be2 Qe7 9. O-O b6 10. Qc2 Bb7
11. h3 Rac8 12. a3 Bd6 13. e4 dxe4 14. Nxe4 Nxe4 15. Qxe4 Nf6 16. Qc2 c5 17. dxc5 bxc5 18. Rfe1 Ne4 19. Rad1 h6 20. Bc1=
1/2-1/2

[Event "1800 - 2299 Rated Tournament 2"]
[Site "SchemingMind.com"]
[Date "2022.07.30"]
[Round "-"]
[White "Transcendent"]
[Black "Uzi Mike"]
[Result "1/2-1/2"]
[WhiteCountry "ENG"]
[BlackCountry "USA"]
[WhiteElo "2178"]
[WhiteRD "68"]
[BlackElo "2143"]
[BlackRD "97"]
[GameID "725500"]

1. d4 Nf6 2. c4 e6 3. g3 c5 4. d5 exd5 5. cxd5 b5 6. e4 Nxe4 7. Bg2 Nd6 8. Nf3 Na6 9. O-O Be7 10. Re1 O-O
11. Bf4 Bb7 12. Nc3 Re8 13. Bxd6 Bxd6 14. Nxb5 Rxe1+ 15. Qxe1 Qb6 16. Nxd6= Qxd6 17. Rd1 Nc7 18. Ng5 h6 19. Ne4 Qb6 20. Qe3 d6
21. Qf4=
1/2-1/2

[Event "1800 - 2299 Rated Tournament 2"]
[Site "SchemingMind.com"]
[Date "2022.07.30"]
[Round "-"]
[White "Transcendent"]
[Black "Robert Hatfield"]
[Result "1-0"]
[WhiteCountry "ENG"]
[BlackCountry "USA"]
[WhiteElo "2129"]
[WhiteRD "74"]
[BlackElo "1770"]
[BlackRD "68"]
[GameID "725501"]

1. d4 Nf6 2. c4 e6 3. g3 Bb4+ 4. Bd2 c5 5. Bg2 O-O 6. Bxb4 cxb4 7. Nf3 d5 8. Qc2 Nc6 9. O-O Bd7 10. Nbd2 Rc8
11. b3 Ne7 12. e3 dxc4 13. bxc4 b5 14. c5 Bc6 15. Rfe1 Ned5 16. Ne5 Ba8 17. Qd3 Nc3 18. Bxa8 Rxa8 19. a3 a5 20. axb4 axb4
21. Nc6 Qc7 22. Nxb4 Nfd5 23. Nxd5 Nxd5 24. Qxb5 h6 25. Nc4 Kh7 26. Rxa8 Rxa8 27. Nb6 Nxb6 28. Qxb6
1-0

[Event "1800 - 2299 Rated Tournament 2"]
[Site "SchemingMind.com"]
[Date "2022.07.26"]
[Round "-"]
[White "Robert Hatfield"]
[Black "Transcendent"]
[Result "0-1"]
[WhiteCountry "USA"]
[BlackCountry "ENG"]
[WhiteElo "1783"]
[WhiteRD "65"]
[BlackElo "2089"]
[BlackRD "77"]
[GameID "725502"]

1. c4 e5 2. Nc3 Bb4 3. Qc2 Nf6 4. Nf3 d6 5. e3 O-O 6. d4 Nc6 7. Bd2 exd4 8. exd4 Re8+ 9. Be3 Bg4 10. Be2 Bxf3
11. gxf3 d5 12. O-O-O dxc4 13. Bxc4 Bxc3 14. Qxc3 Nd5 15. Rhg1 Nxc3
0-1

[Event "1800 - 2299 Rated Tournament 2"]
[Site "SchemingMind.com"]
[Date "2022.07.31"]
[Round "-"]
[White "The Stonewall"]
[Black "John Hamer"]
[Result "1-0"]
[WhiteCountry "ENG"]
[BlackCountry "ENG"]
[WhiteElo "2319"]
[WhiteRD "73"]
[BlackElo "1819"]
[BlackRD "71"]
[GameID "725506"]

1. Nf3 d5 2. c4 Nf6 3. cxd5 Nxd5 4. d4 e6 5. e4 Nb6 6. Nc3 Be7 7. Be3 O-O 8. Bd3 Nc6 9. a3 Kh8 10. O-O a6
11. Bc2 Re8 12. d5 Na7 13. Ne5 Rf8 14. Qh5 g6 15. Qh6 Bf6 16. Qf4 g5 17. Qg3 Bxe5 18. Qxe5+ Kg8 19. Qg3 f6= 20. f4 Nc4
21. Bc5 Rf7 22. fxg5 Rg7 23. gxf6 Rxg3 24. f7+ Kh8 25. hxg3 Bd7 26. f8=Q+ Qxf8 27. Rxf8+ Rxf8 28. Bxf8
1-0

[Event "1800 - 2299 Rated Tournament 2"]
[Site "SchemingMind.com"]
[Date "2022.07.29"]
[Round "-"]
[White "John Hamer"]
[Black "The Stonewall"]
[Result "0-1"]
[WhiteCountry "ENG"]
[BlackCountry "ENG"]
[WhiteElo "1857"]
[WhiteRD "76"]
[BlackElo "2328"]
[BlackRD "75"]
[GameID "725507"]

1. d4 Nf6 2. c4 g6 3. Nc3 Bg7 4. Nf3 O-O 5. e4 d6 6. Be3 e5 7. Be2 Ng4 8. Bg5 f6 9. Bh4 Nc6 10. d5 Ne7
11. O-O g5 12. Bg3 Nh6 13. Re1 Ng6 14. Rc1 f5 15. exf5 Nxf5 16. Nd2 Nd4 17. Bd3 Nf4 18. Be4 g4 19. Nb3 Nxb3 20. axb3 a6
21. Qc2 h5 22. Bxf4 exf4 23. Qd3= f3 24. g3 Qg5 25. Rcd1 Be5 26. Re3 h4 27. Bh7+ Kg7 28. Rde1 hxg3 29. hxg3 Rh8 30. Ne4 Qh6
0-1

[Event "1800 - 2299 Rated Tournament 2"]
[Site "SchemingMind.com"]
[Date "2022.07.31"]
[Round "-"]
[White "Uzi Mike"]
[Black "John Hamer"]
[Result "0-1"]
[WhiteCountry "USA"]
[BlackCountry "ENG"]
[WhiteElo "2207"]
[WhiteRD "104"]
[BlackElo "1861"]
[BlackRD "76"]
[GameID "725508"]

1. d4 Nf6 2. c4 e6 3. Nf3 d5 4. Nc3 c6 5. e3 Bd6 6. Be2 O-O 7. b3 Bd7 8. O-O Ne4 9. Qc2 Re8 10. Nxe4 dxe4
11. Qxe4 Na6 12. Bb2 f5 13. Qc2 g6 14. Rad1 Rc8 15. d5 e5 16. dxc6 Bxc6 17. Nxe5 Be4 18. Qc1 Re7 19. Ng4 Re6 20. Qc3 Qf8
21. f3 Bc6 22. c5 Nxc5 23. Bc4 Kf7 24. Bxe6+ Kxe6 25. Rxd6+ Kxd6 26. Qe5+ Kd7 27. Rd1+ Bd5 28. Nf6+ Kc6 29. Qxd5+ Kc7 30. Be5+ Kb6
31. b4 a6 32. bxc5+ Ka7
0-1

[Event "1800 - 2299 Rated Tournament 2"]
[Site "SchemingMind.com"]
[Date "2022.07.31"]
[Round "-"]
[White "John Hamer"]
[Black "Uzi Mike"]
[Result "0-1"]
[WhiteCountry "ENG"]
[BlackCountry "USA"]
[WhiteElo "1861"]
[WhiteRD "76"]
[BlackElo "2207"]
[BlackRD "104"]
[GameID "725509"]

1. e4 e6 2. d4 d5 3. Nc3 Nf6 4. Bg5 dxe4 5. Nxe4 Be7 6. Ng3 O-O 7. Nf3 c5 8. dxc5 Nbd7 9. Be3 Qc7 10. Bd3 Nd5
11. Bd2 Nxc5 12. Bc4 Na4 13. b3 Nb2 14. Qb1 Nxc4 15. bxc4 Qxc4 16. a3 b6 17. Ne5 Qc7 18. Qb2 Ba6 19. f4 Rac8 20. Rc1 Bc5
21. Nf1 Qd6 22. Qb3 f6 23. Nd3 Bc4 24. Qb1 Bxd3 25. cxd3 Nxf4 26. Bxf4 Qxf4 27. Rc2 Rfd8 28. Qb3 Rd5 29. h3 Rcd8
0-1

[Event "1800 - 2299 Rated Tournament 2"]
[Site "SchemingMind.com"]
[Date "2022.07.31"]
[Round "-"]
[White "Transcendent"]
[Black "John Hamer"]
[Result "1-0"]
[WhiteCountry "ENG"]
[BlackCountry "ENG"]
[WhiteElo "2178"]
[WhiteRD "68"]
[BlackElo "1844"]
[BlackRD "73"]
[GameID "725510"]

1. d4 Nf6 2. c4 e6 3. g3 d5 4. Nf3 dxc4 5. Bg2 Nc6 6. Qa4 Bb4+ 7. Bd2 Bd6 8. Na3 O-O 9. Nxc4 Ne4 10. Be3 Bb4+
11. Kf1 Bd7 12. Qc2 Nf6 13. a3 Be7 14. Rd1 h6 15. h4 Rc8 16. Bc1 Nd5 17. e4 Nb6 18. d5 exd5 19. exd5 Nb8 20. Nce5 Ba4
21. b3 Bb5+ 22. Kg1 Qe8 23. Nd4 Bf6 24. Nxb5 Qxb5 25. Ng4 Be7 26. Bb2 Rfd8 27. Kh2 N8d7 28. Rhe1 Re8 29. Be4 Nf8 30. Qc3 f6
31. a4 Qd7 32. Ne3 Rcd8 33. Nf5 Nc8 34. Bb1 a6 35. Qf3 Nd6 36. Bc1 Nxf5 37. Bxf5 Qd6 38. Qg4 Kh8 39. Qh5 Qc5 40. Be3 Qc3
41. Bxh6 gxh6 42. Qxh6+ Kg8 43. Re4
1-0

[Event "1800 - 2299 Rated Tournament 2"]
[Site "SchemingMind.com"]
[Date "2022.07.30"]
[Round "-"]
[White "John Hamer"]
[Black "Transcendent"]
[Result "0-1"]
[WhiteCountry "ENG"]
[BlackCountry "ENG"]
[WhiteElo "1844"]
[WhiteRD "73"]
[BlackElo "2178"]
[BlackRD "68"]
[GameID "725511"]

1. c4 e5 2. Nc3 Bb4 3. g3 c6 4. Bg2 Nf6 5. Nf3 Qe7 6. O-O O-O 7. d3 d5 8. cxd5 cxd5 9. a3 Ba5 10. b4 Bb6
11. Qb3 Rd8 12. Na4 Bc7 13. Bb2 Nbd7 14. Rac1 Bd6 15. Rc2 Nf8 16. Re1 Ng6 17. Nd2 Be6 18. Nc5 Bxc5 19. bxc5 Rac8 20. Rec1 Rc6
21. Nf3 d4 22. Qb4 h6 23. Nxd4 exd4 24. Bxc6 bxc6 25. Bxd4 Nd5 26. Qb2 f6 27. Rb1 Bh3 28. Rc4 Re8 29. e4 Nc7 30. Rb4 Ne5
31. Bxe5 fxe5 32. Rb7 Qf8 33. f4 Nb5 34. Qc1 exf4 35. gxf4 Qf6 36. Kh1 Nc3 37. R1b3 Ne2 38. Qc4+ Be6 39. Qc2 Bxb3 40. Qxb3+ Kh8
41. f5 Qd4 42. Qd1= Rxe4
0-1

[Event "1800 - 2299 Rated Tournament 2"]
[Site "SchemingMind.com"]
[Date "2022.07.28"]
[Round "-"]
[White "John Hamer"]
[Black "Robert Hatfield"]
[Result "1-0"]
[WhiteCountry "ENG"]
[BlackCountry "USA"]
[WhiteElo "1857"]
[WhiteRD "76"]
[BlackElo "1777"]
[BlackRD "64"]
[GameID "725512"]

1. b3 e6 2. e4 Nf6 3. e5 Nd5 4. Bb2 Be7 5. Nf3 c5 6. c4 Nc7 7. Nc3 Nc6 8. Be2 a6 9. O-O O-O 10. Rc1 b6
11. Re1 Bb7 12. Na4 b5 13. Nb6 Ra7 14. d4 cxd4 15. Bxd4 Nxd4 16. Qxd4 Bxf3 17. Bxf3 d5 18. Nxd5 Bg5 19. Qxa7 exd5 20. Rcd1
1-0

[Event "1800 - 2299 Rated Tournament 2"]
[Site "SchemingMind.com"]
[Date "2022.07.27"]
[Round "-"]
[White "Robert Hatfield"]
[Black "John Hamer"]
[Result "1-0"]
[WhiteCountry "USA"]
[BlackCountry "ENG"]
[WhiteElo "1783"]
[WhiteRD "65"]
[BlackElo "1819"]
[BlackRD "71"]
[GameID "725513"]

1. c4 Nf6 2. Nc3 g6 3. e4 d6 4. d4 Bg7 5. f3 O-O 6. Be3 Nc6 7. Nge2 Rb8 8. Ng3 a6 9. d5 Ne5 10. Be2 Bd7
11. O-O b5 12. c5 b4 13. Na4 Qe8 14. b3 e6 15. c6 Bc8 16. f4 Neg4 17. Bxg4 Nxg4 18. Bd4 Bxd4+ 19. Qxd4 Qe7 20. Rae1 exd5
21. h3 Nh6 22. exd5 Qd8 23. Re3 Rb5 24. Rfe1 Bf5 25. Re7 a5 26. Qa7 Rxd5 27. Qxc7 Qxc7 28. Rxc7 Rd2 29. Re2 Rd1+ 30. Kf2 Bd3
31. Rb2 Re8 32. Ra7 Rc8 33. Rxa5 Rxc6 34. Rd5 Nf5 35. Nxf5 Bxf5 36. Rxd1 Be4 37. Rbd2 d5 38. Ke3 Kg7 39. Kd4 Rf6 40. Nc5 Bf5
41. Kxd5 Bc8 42. Ke5 Rf5+ 43. Kd6 Rxf4 44. Kc7 Bf5 45. Rd4 Rf2 46. R1d2 Rf1= 47. Kb6 h5 48. Kb5 Re1 49. Kxb4 Re8 50. Rd8 Re7
51. a4 g5 52. a5 h4 53. Kb5 f6 54. R2d7 Rf7 55. Rxf7+ Kxf7 56. a6 Ke7 57. Rd7+ Bxd7+ 58. Nxd7 Kxd7 59. a7 f5 60. a8=Q Ke6
61. Qg8+
1-0

[Event "1800 - 2299 Rated Tournament 2"]
[Site "SchemingMind.com"]
[Date "2022.08.13"]
[Round "-"]
[White "Geoffrey Rosser"]
[Black "The Stonewall"]
[Result "0-1"]
[WhiteCountry "ENG"]
[BlackCountry "ENG"]
[WhiteElo "1861"]
[WhiteRD "61"]
[BlackElo "2319"]
[BlackRD "73"]
[GameID "725889"]

1. e4 c5 2. c3 Nf6 3. Bd3 Nc6 4. Nf3 d5 5. exd5 Qxd5 6. Be2 e5 7. O-O e4 8. Ne1 Be6 9. d3 Bd6 10. dxe4 Qxd1
11. Bxd1 Bc4 12. f4 Bxf1 13. Kxf1 Nxe4 14. Bf3 f5 15. Na3 O-O-O 16. Be3 g5 17. Bxe4 fxe4 18. fxg5 Bxh2 19. Bxc5 Bf4 20. Nb5 Rd2
21. Nxa7+ Nxa7 22. Bxa7 Rg8 23. b4 Rxg5 24. Bf2 Rh5 25. g3 Bxg3 26. Be3 Rh1+
0-1

[Event "1800 - 2299 Rated Tournament 2"]
[Site "SchemingMind.com"]
[Date "2022.08.13"]
[Round "-"]
[White "The Stonewall"]
[Black "Geoffrey Rosser"]
[Result "1-0"]
[WhiteCountry "ENG"]
[BlackCountry "ENG"]
[WhiteElo "2319"]
[WhiteRD "73"]
[BlackElo "1861"]
[BlackRD "61"]
[GameID "725890"]

1. e4 e5 2. Nf3 Nc6 3. d4 exd4 4. Bc4 Bc5 5. c3 Nf6 6. e5 d5 7. Bb5 Ne4 8. cxd4 Bb4+ 9. Bd2 Nxd2 10. Nbxd2 O-O
11. Bxc6 bxc6 12. O-O Bg4 13. Qa4 Bxd2 14. Nxd2 Be2 15. Rfe1 Bb5 16. Qc2 Re8 17. a4 Ba6 18. Qxc6 Bd3 19. Rac1 Re7 20. Rc5 Rb8
21. Rxd5 Qe8 22. Qc3 Bf5 23. b3 Be6 24. Rc5 Qd8 25. Nc4 Bd5 26. b4 Rd7 27. b5 Qg5 28. Ne3 Qd8 29. Nxd5 Rxd5 30. Rxd5 Qxd5
31. Qxc7 Rd8 32. Qxa7 Ra8 33. Qc7 Qxd4 34. b6 Qd2 35. Rf1 Qd8 36. Qxd8+ Rxd8 37. b7 Kf8 38. a5
1-0

[Event "1800 - 2299 Rated Tournament 2"]
[Site "SchemingMind.com"]
[Date "2022.08.13"]
[Round "-"]
[White "Geoffrey Rosser"]
[Black "Uzi Mike"]
[Result "0-1"]
[WhiteCountry "ENG"]
[BlackCountry "USA"]
[WhiteElo "1861"]
[WhiteRD "61"]
[BlackElo "2217"]
[BlackRD "110"]
[GameID "725891"]

1. e4 e5 2. Nf3 d6 3. d4 Nf6 4. dxe5 Nxe4 5. Qd5 Nc5 6. Be2 Nc6 7. O-O Be6 8. Qd1 dxe5 9. Nc3 f6 10. a3 Qxd1
11. Rxd1 Nd7 12. Nd5 O-O-O 13. c4 Nc5 14. b4 e4 15. Ng5 fxg5 16. bxc5 Bxc5 17. Bxg5 Rd7 18. Nc3 Rxd1+ 19. Nxd1 Nd4 20. Bf1 h6
21. Be3 Nb3 22. Ra2 Rd8 23. Bxc5 Rxd1 24. Be3 Nc1 25. Rd2 Ne2+
0-1

[Event "1800 - 2299 Rated Tournament 2"]
[Site "SchemingMind.com"]
[Date "2022.08.13"]
[Round "-"]
[White "Uzi Mike"]
[Black "Geoffrey Rosser"]
[Result "1-0"]
[WhiteCountry "USA"]
[BlackCountry "ENG"]
[WhiteElo "2217"]
[WhiteRD "110"]
[BlackElo "1861"]
[BlackRD "61"]
[GameID "725892"]

1. d4 Nf6 2. c4 e6 3. Nc3 d5 4. Nf3 Be7 5. Bg5 O-O 6. e3 Nbd7 7. Rc1 c5 8. cxd5 cxd4 9. Nxd4 Nxd5 10. Bxe7 Nxe7
11. Be2 b6 12. O-O Bb7 13. Bf3 Bxf3 14. Nxf3 Rc8 15. Qa4 Qc7 16. Rfd1 Nf6 17. h3 Qb7 18. Nb5 Rxc1 19. Rxc1 Nc6 20. Nd6
1-0

[Event "1800 - 2299 Rated Tournament 2"]
[Site "SchemingMind.com"]
[Date "2022.08.13"]
[Round "-"]
[White "Geoffrey Rosser"]
[Black "Transcendent"]
[Result "0-1"]
[WhiteCountry "ENG"]
[BlackCountry "ENG"]
[WhiteElo "1802"]
[WhiteRD "65"]
[BlackElo "2178"]
[BlackRD "68"]
[GameID "725893"]

1. e4 e6 2. d4 d5 3. Nd2 c5 4. Ngf3 cxd4 5. Nxd4 Nf6 6. exd5 Nxd5 7. Bb5+ Bd7 8. O-O Bxb5 9. Nxb5 Be7 10. Ne4 a6
11. Nd4 Nd7 12. Re1 O-O 13. Nf3 Rc8 14. Nfg5 h6 15. Nh3 N7f6 16. Nxf6+ Bxf6 17. c3 Nxc3 18. Qxd8 Rfxd8 19. bxc3 Bxc3 20. Be3 Bxe1
21. Rxe1 b5 22. Kf1 Rc2 23. Bb6 Rdc8 24. Ra1 Rc1+ 25. Rxc1 Rxc1+ 26. Ke2 Rc2+ 27. Kd3 Rxa2 28. Kc3 a5 29. Kb3 Ra1 30. Nf4 a4+
31. Kb2 Rf1 32. Ka3 Rc1 33. Ne2 Rc2 34. Nf4 Rc3+ 35. Kb2 b4 36. Ne2 a3+ 37. Ka1 Rc6 38. Be3 b3 39. Nd4 b2+ 40. Kb1 Rb6
0-1

[Event "1800 - 2299 Rated Tournament 2"]
[Site "SchemingMind.com"]
[Date "2022.08.13"]
[Round "-"]
[White "Transcendent"]
[Black "Geoffrey Rosser"]
[Result "1-0"]
[WhiteCountry "ENG"]
[BlackCountry "ENG"]
[WhiteElo "2129"]
[WhiteRD "74"]
[BlackElo "1828"]
[BlackRD "65"]
[GameID "725894"]

1. d4 Nf6 2. c4 g6 3. g3 d5 4. Bg2 Bg7 5. cxd5 Nxd5 6. Nf3 O-O 7. O-O Nc6 8. Nc3 Nxc3 9. bxc3 e5 10. Be3 exd4
11. cxd4 Bg4 12. Rb1 Rb8 13. d5 Ne5 14. Bxa7 Ra8 15. Nxe5 Bxe5 16. Bc5 Re8 17. Qd2 Bd6 18. Bxd6 Qxd6 19. e4 Ra7 20. Rfc1 c6
21. Qd4 Rxa2 22. e5 Qxe5 23. Qxg4 cxd5 24. Qf3 Rb2 25. h4 Rxb1 26. Rxb1
1-0

[Event "1800 - 2299 Rated Tournament 2"]
[Site "SchemingMind.com"]
[Date "2022.08.09"]
[Round "-"]
[White "Geoffrey Rosser"]
[Black "John Hamer"]
[Result "1-0"]
[WhiteCountry "ENG"]
[BlackCountry "ENG"]
[WhiteElo "1861"]
[WhiteRD "61"]
[BlackElo "1819"]
[BlackRD "71"]
[GameID "725895"]

1. e4 c6 2. d4 d5 3. Nc3 dxe4 4. Nxe4 Nd7 5. Bc4 Ngf6 6. Nxf6+ Nxf6 7. Nf3 Bf5 8. O-O e6 9. c3 Bd6 10. Ne5 Qc7
11. f4 O-O 12. Be2 Rac8 13. Ng4 Nd5 14. Ne5 Rcd8 15. Bf3 Nf6 16. g4 Bg6 17. h4 h6 18. Nxg6 fxg6 19. g5 hxg5 20. fxg5 Nd7
21. Qc2 Rf5 22. Be3 Rdf8 23. Qg2 Qa5 24. Rf2 R8f7 25. Bg4 Rxf2 26. Bxf2 Re7 27. Qe4 Nf8 28. Qc2 Rf7 29. a3 Qc7 30. Re1 c5
31. Bxe6 Bh2+ 32. Kg2 Nxe6 33. Rxe6 Rf4 34. Qxg6 Rf8 35. Re8 Qf4 36. Qe6+ Kh8 37. Rxf8+ Qxf8 38. d5 a6 39. g6 b6 40. Bg3 Bxg3
41. Kxg3 Qb8+ 42. d6
1-0

[Event "1800 - 2299 Rated Tournament 2"]
[Site "SchemingMind.com"]
[Date "2022.08.09"]
[Round "-"]
[White "John Hamer"]
[Black "Geoffrey Rosser"]
[Result "1-0"]
[WhiteCountry "ENG"]
[BlackCountry "ENG"]
[WhiteElo "1819"]
[WhiteRD "71"]
[BlackElo "1861"]
[BlackRD "61"]
[GameID "725896"]

1. c4 Nf6 2. d4 g6 3. Nf3 d5 4. Nc3 Bg7 5. Bf4 O-O 6. e3 c6 7. Be2 dxc4 8. Bxc4 Nbd7 9. O-O Nb6 10. Bb3 Nbd5
11. Nxd5 Nxd5 12. Bg3 Re8 13. e4 Nf6 14. Rc1 Nxe4 15. Bf4 Nf6 16. Ng5 Nd5 17. Bg3 e6 18. Nf3 Ne7 19. Re1 Nf5 20. Be5 Bh6
21. Rc3 f6 22. Bg3 Nxg3 23. hxg3 Re7 24. Qc2 Kf8 25. Re4 e5 26. dxe5 Bf5 27. Rd3 Qc7 28. Qc4 Be6 29. Qc5 Kf7 30. Bxe6+ Rxe6
31. Red4 Re7 32. Qc4+ Kf8 33. exf6 Rf7 34. Rh4 Rd8 35. Rxh6 Rxd3 36. Qxd3
1-0

[Event "1800 - 2299 Rated Tournament 2"]
[Site "SchemingMind.com"]
[Date "2022.08.09"]
[Round "-"]
[White "Geoffrey Rosser"]
[Black "Robert Hatfield"]
[Result "1/2-1/2"]
[WhiteCountry "ENG"]
[BlackCountry "USA"]
[WhiteElo "1861"]
[WhiteRD "61"]
[BlackElo "1783"]
[BlackRD "65"]
[GameID "725897"]

1. e4 e6 2. d4 d5 3. Nc3 Bb4 4. e5 c5 5. f4 cxd4 6. Qxd4 Nc6 7. Bb5 Bd7 8. Bxc6 Bxc3+ 9. Qxc3 Bxc6 10. Ne2 Ne7
11. O-O Nf5 12. Nd4 Qb6 13. Rd1 Rc8 14. Kh1 Nxd4 15. Rxd4 O-O 16. Qd2 Bb5 17. c3 Rc4 18. Rd3 Rxf4 19. Qxf4 Bxd3 20. Qd4 Qxd4
21. cxd4 f6 22. Be3 Be4 23. Rc1 fxe5 24. dxe5 Rf5 25. Bxa7 Rxe5 26. Rc8+ Kf7 27. Bd4 Rg5 28. Rc7+ Kg6 29. Rxg7+ Kf5 30. Rf7+ Kg6
31. Rg7+ Kf5=
1/2-1/2